000 00930nac a22002657a 4500
001 BR7314269
003 BR-BrBNA
005 20240105113643.0
008 230509b bl.|||m| |||| 00| 0 por d
040 _aBR-BrBNA
_bpor
_cBiblioteca Nacional de Agricultura
072 _aE70
090 _a5213 BR7314269
110 1 _aConselho Nacional de Desenvolvimento da Pecuaria, Rio de Janeiro, GB (Brasil)
_92674
245 1 _aCotacoes medias do boi gordo e da carne no mercado atacadista. Pesquisa especial - Brasil; 1970-1971
260 3 _aRio de Janeiro, GB (Brasil):
_c1972.
300 _a32 p.
490 _aSerie de Estudos Economicos - Conselho Nacional de Desenvolvimento da Pecuaria (Brazil)
_v
_x
500 _a17 tables; 8 illus.
650 _aGADO DE CORTE
650 _aCARNE
650 _aMERCADO ATACADISTA
650 _aPRECO MEDIO
909 _a202312
_bLúcia Elande
_c55
_dLúcia Elande
942 _2AGRIS
_n0
_cMS
999 _c264830
_d264830